Technical means in water quality protection of rural areas

Bibliographic Details
Main Author: Blazejewski, Ryszard (Author)
Format: Article
Language:English
ISBN:8071379409

MARC

LEADER 00000naa a2200000uu 4500
001 vtls010956543
003 SK-MaSNL
005 20260302130055.0
008 210905|2001 xo |||||||||||||||||eng|
015 |a SNBRA 
035 |a (urnnbn)urn:nbn:sk:snk:ar-a0bo42 
035 |a (uuid)7378705c-d4fb-43fc-85f6-e38431b1b0b8 
035 |a urn:nbn:sk:snk-aaug03 
040 |a SNKBUCL  |b slo  |c SNKBUCL  |e AACR2 
041 0 |a eng 
044 |a xo  |c SK 
100 1 |a Blazejewski, Ryszard  |4 aut  |9 813820 
245 1 0 |a Technical means in water quality protection of rural areas  |c Ryszard Blazejewski 
773 0 |t Environmental management of the rural landscape in central and Eastern Europe  |d Nitra : Slovak Agricultural University, 2001  |g S. 78-80  |z 8071379409 
958 |a OND 
958 |a article11 
958 |a chapter 
999 |c 1297225  |d 1299155